MARC
LEADER
00000nam0a2200000 4500
001
311993
005
20231102002436.0
035
|a (RuTPU)RU\TPU\book\337360
090
|a 311993
100
|a 20151215d1903 m y0rusy50 ca
101
0
|a rus
102
|a UA
105
|a y j 000zy
200
1
|a Лишние неизвестные в строительной механике. Расчет статически-неопределимых систем
|f В. Л. Кирпичев
210
|a Киев
|c Типография С. В. Кульженко
|d 1903
215
|a 182 с.
300
|a Текст в русской дореформенной орфографии
300
|a Печать разрешает. Киев, 17 января 1903 года. И. д. Директора Киевского Политехнического института Императора Александра II-го. М. Коновалов
316
|5 63413507: 43//622
|a На обложке дарственная надпись: "Многоуважаемому Ефиму Лукьяновичу Зубашеву от В. Кирпичева"
317
|5 63413507: 43//622
|a Поступил в НТБ в 1914 г. в дар от первого директора ТТИ профессора Е. Л. Зубашева
606
1
|a Статически неопределимые системы
|2 stltpush
|3 (RuTPU)RU\TPU\subj\56862
|9 74746
610
1
|a сопротивление материалов
610
1
|a расчет
610
1
|a лекции
610
1
|a дары автора
610
1
|a дары библиотеке
610
1
|a дарственные надписи
610
1
|a Коллекция Е. Л. Зубашева
675
|a 539.3/6
|v 4
700
1
|a Кирпичев
|b В. Л.
|c русский механик
|f 1845-1913
|g Виктор Львович
|2 stltpush
|3 (RuTPU)RU\TPU\pers\16087
|9 5661
801
1
|a RU
|b 63413507
|c 20151215
801
2
|a RU
|b 63413507
|c 20210709
|g RCR
942
|c BK